| 000 | 00770cam a22002411 4500 | ||
|---|---|---|---|
| 001 | af 49000068 | ||
| 003 | DLC | ||
| 005 | 20260227110913.0 | ||
| 008 | 940214s1944 sz a 000 0 ger c | ||
| 010 | _aaf 49000068 | ||
| 035 | _a(OCoLC)29813902 | ||
| 040 |
_aIllinois. Univ. Library _cCU _dDLC |
||
| 042 | _apremarc | ||
| 050 | 0 | 0 |
_aTS1176 _b.S4 |
| 100 | 1 |
_aSchrameck, Henri, _d1918- |
|
| 245 | 0 | 0 | _aÜber die Verschwelung von Lignin (mit besonderer Berücksichtigung von Schollerlignin) |
| 260 |
_aZürich, _bDissertations-Druckerei Gebr. Leemann, _c1944. |
||
| 300 |
_a76 p. _billus. _c23 cm. |
||
| 502 | _aPromotionsarbeit--Eidgenössische Technische Hochschule, Zürich. | ||
| 500 | _aLebenslauf. | ||
| 650 | 0 | _aLignin. | |
| 650 | 0 | _aDistillation, Destructive. | |
| 999 |
_c6470 _d6470 |
||